|
|
|
|
| LEADER |
00000naa2a2200000 4500 |
| 001 |
391243 |
| 005 |
20231101064049.0 |
| 035 |
|
|
|a (RuTPU)RU\TPU\prd\25329
|
| 090 |
|
|
|a 391243
|
| 100 |
|
|
|a 20040416a2004 k y0rusy50 ca
|
| 101 |
0 |
|
|a rus
|
| 102 |
|
|
|a RU
|
| 200 |
1 |
|
|a Сравнение двух систем защиты электрокардиографа от импульса дефибриллятора
|f В. В. Лебедев
|
| 225 |
1 |
|
|a Исследования, конструирование и технология
|
| 461 |
|
1 |
|0 (RuTPU)RU\TPU\prd\1623
|x 0025-8075
|t Медицинская техника
|l Biomedical Engineering
|o научно-технический журнал
|d 1976-
|
| 463 |
|
1 |
|0 (RuTPU)RU\TPU\prd\24443
|t № 1
|v С. 29-30
|d 2004
|
| 610 |
1 |
|
|a электрокардиографы
|
| 610 |
1 |
|
|a защита
|
| 610 |
1 |
|
|a импульсы
|
| 610 |
1 |
|
|a сравнение
|
| 610 |
1 |
|
|a дефибрилляторы
|
| 610 |
1 |
|
|a медицинские мониторы
|
| 610 |
1 |
|
|a медицинская техника
|
| 675 |
|
|
|a 615.47.03:616.12-073.96
|v 3
|
| 700 |
|
1 |
|a Лебедев
|b В. В.
|
| 801 |
|
1 |
|a RU
|b 63413507
|c 20040416
|g PSBO
|
| 801 |
|
2 |
|a RU
|b 63413507
|c 20120914
|g RCR
|
| 942 |
|
|
|c BK
|